Použitie plemena bleu du Maine v úžitkovom krížení cigájok

Bibliographic Details
Main Authors: Malík, Ján (Author), Kráľ, Ľ. (Author), Čapistrák, Anton (Author), Apolen, Dušan (Author)
Format: Article
Language:Slovak
PhysicalDescription:Tb. 5
Subjects:

MARC

LEADER 00000nab a2200000 a 4500
001 vtls000252481
003 SK-MaSNL
005 20260304012406.0
008 111202c1985 xo 0 slo
015 |a SNBRA19rr/mm-uuuuu 
035 |a CL0262595 
040 |a SNKBUCL  |b slo  |c SNKBUCL  |e AACR2 
041 0 |a slo  |b eng  |b fre  |b rus 
044 |a xo  |c SK 
080 |a 636.32/.38.082  |2 1981 
245 0 0 |a Použitie plemena bleu du Maine v úžitkovom krížení cigájok  |c J. Malík, Ľ. Kráľ, A. Čapistrák, D. Apolen 
300 |b Tb. 5 
504 |a Bibliogr. odkazy 
546 |a Res. angl., rus., franc. 
650 0 7 |a ovce  |2 snkbucl  |9 14971 
655 7 |a články zo zborníkov  |2 snkbucl  |9 166140 
700 1 |a Malík, Ján  |4 aut  |9 56601 
700 1 |a Kráľ, Ľ.  |4 aut  |9 1126918 
700 1 |a Čapistrák, Anton  |4 aut  |9 10275 
700 1 |a Apolen, Dušan  |4 aut  |9 10273 
773 0 |t Vedecké práce Výskumného ústavu ovčiarskeho v Trenčíne 12  |d Bratislava : Príroda, 1985  |g S. 15-21 
850 |a Slovenská národná knižnica v Martine  |a MTA001 
852 |a SNK  |b KIS3GCP 
958 |a RK 
992 |a RZB 
999 |c 2571358  |d 2573288